Lui e il sesso /

Salvato in:
Dettagli Bibliografici
Autore principale: Del Bo Boffino, Anna (Autore)
Natura: Libro
Lingua:italiano
Pubblicazione: Milano : Starbene, 1983
Soggetti:
Tags: Aggiungi Tag
Nessun Tag, puoi essere il primo ad aggiungerne!!

MARC

LEADER 00000nam a22000007i 4500
001 IT\ICCU\LO1\0488850
003 ItRI
005 20260115232233.0
008 990402s1983 it |||||| ||||| |||||c
040 |b ita  |c importazione bologna sebina 
041 7 |a ita  |2 ISO-639-2 
082 |a 155.632  |9 PSICOLOGIA DEGLI ADULTI SECONDO IL SESSO. UOMINI  |2 19 
100 1 |a Del Bo Boffino, Anna  |0 IT\ICCU\CFIV\061309  |4 aut 
245 1 0 |a Lui e il sesso /  |c testo di Anna Del Bo Boffino. 
260 |a Milano :  |b Starbene,  |c 1983 
300 |a 95 p. :  |b ill. ;  |c 18 cm 
500 |a Alleg. a Starbene, n. 7, 1983. 
650 7 |a Uomo  |x Comportamento sessuale 
650 7 |a Uomo  |x Psicologia 
790 1 |a Del Bo, Anna  |3 IT\ICCU\CFIV\159047  |z Del Bo Boffino, Anna 
790 1 |a Boffino, Anna  |3 IT\ICCU\SBNV\001718  |z Del Bo Boffino, Anna 
942 |2 ddc  |c BK  |n 0 
952 |0 0  |1 0  |4 0  |6 DOC_155_332000000000000_DEL  |7 0  |9 22612  |a BO  |b BO  |d 2026-01-15  |i 697  |l 0  |o DOC 155.332 DEL  |p BO697  |r 2026-01-15 23:22:33  |w 2026-01-15  |x [Sebina 5] [1 v.]  |y BK  |z 1 v. 
999 |c 19311  |d 19311